Ageing : (Record no. 52156)

MARC details
000 -LEADER
fixed length control field 02696nam a22004097a 4500
005 - DATE AND TIME OF LATEST TRANSACTION
control field 20110506141910.0
008 - FIXED-LENGTH DATA ELEMENTS--GENERAL INFORMATION
fixed length control field 110506t xxu||||| |||| 00| 0 eng d
010 ## - LCCN (DPL NO)
LC control number ENG-102387 B-447323-327
020 ## - INTERNATIONAL STANDARD BOOK NUMBER
International Standard Book Number 9788178312453
Terms of availability 1500.00
035 ## - SYSTEM CONTROL NUMBER
System control number EN-85920 B-447323-327
037 ## - SOURCE OF ACQUISITION
Source of stock number/acquisition DBAD/PUB
037 ## - SOURCE OF ACQUISITION
Source of stock number/acquisition BPPD/PUB
040 ## - CATALOGING SOURCE
Original cataloging agency dpl
Language of cataloging Eng
082 ## - DEWEY DECIMAL CLASSIFICATION NUMBER
Classification number 305.260954
245 ## - TITLE STATEMENT
Title Ageing :
Remainder of title some emerging issues : profiles, trends and policy perspectives /
Statement of responsibility, etc edited by K.N.S. Yadava [and] Alok Kumar
260 ## - PUBLICATION, DISTRIBUTION, ETC. (IMPRINT)
Place of publication, distribution, etc New Delhi
Name of publisher, distributor, etc Manak Publications
Date of publication, distribution, etc 2011
270 ## - ADDRESS
Address B-7, Saraswati Complex, Subhash Chowk, Laxmi Nagar
City New Delhi
Postal code 110092
Telephone number 22453894,22042529
Electronic mail address manak_publications@hotmail.com
300 ## - PHYSICAL DESCRIPTION
Extent xix,458p. :
Dimensions 23cm (Hb)
Other physical details ill.
500 ## - GENERAL NOTE
General note Includes bibliographical references and index
500 ## - GENERAL NOTE
General note Includes statistical tables.
505 ## - FORMATTED CONTENTS NOTE
Formatted contents note section 1. Socio-economic and demographic profiles of elderly -- section 2. Work participation and dependency of elderly -- section 3. Problems, needs, and care of elderly -- section 4. Policy perspectives for elderly.
520 ## - SUMMARY, ETC.
Summary, etc Contributed articles with special reference to India.
650 ## - SUBJECT ADDED ENTRY--TOPICAL TERM
Topical term or geographic name as entry element Older people
9 (RLIN) 27775
Geographic subdivision India.
650 ## - SUBJECT ADDED ENTRY--TOPICAL TERM
Topical term or geographic name as entry element Older people
Form subdivision Statistics.
Geographic subdivision India
9 (RLIN) 27782
650 ## - SUBJECT ADDED ENTRY--TOPICAL TERM
Topical term or geographic name as entry element Aging
Geographic subdivision India.
9 (RLIN) 27783
650 ## - SUBJECT ADDED ENTRY--TOPICAL TERM
Topical term or geographic name as entry element Aging
Form subdivision Statistic
Geographic subdivision India
9 (RLIN) 27784
700 ## - ADDED ENTRY--PERSONAL NAME
Personal name Yadava, K. N. S
9 (RLIN) 27776
700 ## - ADDED ENTRY--PERSONAL NAME
Personal name Alok Kumar
9 (RLIN) 27785
942 ## - ADDED ENTRY ELEMENTS (KOHA)
Source of classification or shelving scheme Dewey Decimal Classification
Item type English Books
Classification part 305.260954
Call number suffix AGE
Holdings
Withdrawn status Lost status Source of classification or shelving scheme Damaged status Not for loan Collection code Home library Current library Date acquired Source of acquisition Cost, normal purchase price Total Checkouts Full call number Barcode Date last seen Copy number Cost, replacement price Koha item type
    Dewey Decimal Classification     Non-fiction Central Library Central Library 23/03/2012 KKP/22/23.9.11/BL1318/23.9.11/9.11.11 1500.00 1 305.260954 AGE B-447323 26/06/2018 1 1500.00 English Books
    Dewey Decimal Classification   Not For Loan Non-fiction D.B.Act.Division D.B.Act.Division 06/05/2011 DBAD / PUB 1500.00   305.260954 AGE EN-85920 06/05/2011 1 1500.00 English Books
    Dewey Decimal Classification     Non-fiction Karol Bagh Karol Bagh 23/03/2012 KKP/22/23.9.11/BL1318/23.9.11/9.11.11 1500.00   305.260954 AGE B-447326 23/03/2012 1 1500.00 English Books
    Dewey Decimal Classification     Non-fiction Patel Nagar Patel Nagar 23/03/2012 KKP/22/23.9.11/BL1318/23.9.11/9.11.11 1500.00 1 305.260954 AGE B-447324 25/01/2021 1 1500.00 English Books
    Dewey Decimal Classification     Non-fiction Sarojini Nagar Sarojini Nagar 23/03/2012 KKP/22/23.9.11/BL1318/23.9.11/9.11.11 1500.00 1 305.260954 AGE B-447325 24/02/2020 1 1500.00 English Books
    Dewey Decimal Classification     Non-fiction Shahdara Branch Shahdara Branch 23/03/2012 KKP/22/23.9.11/BL1318/23.9.11/9.11.11 1500.00   305.260954 AGE B-447327 23/03/2012 1 1500.00 English Books

© Delhi Public Library
Hit Counter
free hit counter